Математические модели в управлении геолого-техническими мероприятиями в газодобывающей отрасли (Запись № 4006896)

Подробности
000 -МАРКЕР
контрольное поле 01989nam0a2200373 i 4500
001 - ИДЕНТИФИКАТОР ЗАПИСИ
контрольное поле RU\NLR\bibl\1986228
005 - ИДЕНТИФИКАТОР ВЕРСИИ
контрольное поле 20260406022844.0
021 ## - НОМЕР ГОСУДАРСТВЕННОЙ РЕГИСТРАЦИИ
Код страны Российская Федерация
Номер 2012-96019
Номер Листа государственной регистраци 7108
035 ## - ДРУГИЕ СИСТЕМНЫЕ НОМЕРА
Идентификатор записи (nilc)RuMoRGB-006504384
035 ## - ДРУГИЕ СИСТЕМНЫЕ НОМЕРА
Идентификатор записи (NLR Aleph) 001974842
100 ## - ДАННЫЕ ОБЩЕЙ ОБРАБОТКИ
Данные общей обработки 20121219d2012 u y0rusy50 ca
101 0# - ЯЗЫК РЕСУРСА
Язык текста, звукозаписи и т.д. русский
102 ## - СТРАНА ПУБЛИКАЦИИ ИЛИ ПРОИЗВОДСТВА
Страна публикации Российская Федерация
105 ## - ПОЛЕ КОДИРОВАННЫХ ДАННЫХ: ТЕКСТОВЫЕ МАТЕРИАЛЫ, МОНОГРАФИЧЕСКИЕ
Кодированные данные о монографическом текстовом документе a |||||||||
200 1# - ЗАГЛАВИЕ И СВЕДЕНИЯ ОБ ОТВЕТСТВЕННОСТИ
Основное заглавие Математические модели в управлении геолого-техническими мероприятиями в газодобывающей отрасли
Первые сведения об ответственности Р.А. Гасумов, К.С. Ахмедов, В.А. Толпаев, А.Г. Филиппов
Последующие сведения об ответственности Открытое акционерное о-во "Газпром", О-во с ограниченной отв. "Газпром экспо"
210 ## - ПУБЛИКАЦИЯ, РАСПРОСТРАНЕНИЕ И ДР.
Место издания, распространения и т.д. Москва
Имя издателя, распространителя и т. д. Газпром экспо
Дата издания, распространения и т.д. 2012
215 ## - ФИЗИЧЕСКАЯ ХАРАКТЕРИСТИКА
Специфическое обозначение материала и объем 127 с.
Другие сведения о физической характеристике ил., цв. ил., портр., табл.
Размеры 25
320 ## - ПРИМЕЧАНИЯ О НАЛИЧИИ В ДОКУМЕНТЕ БИБЛИОГРАФИИ / УКАЗАТЕЛЯ
Текст примечания Библиогр.: с. 117-121
606 1# - НАИМЕНОВАНИЕ ТЕМЫ КАК ПРЕДМЕТ
Наименование темы Газовые скважины
Тематический подзаголовок Дебит
-- Определение
Системный номер авторитетной/нормативной записи 2097559
Идентификатор авторитетной/нормативной записи RU\NLR\auth\661268977
606 1# - НАИМЕНОВАНИЕ ТЕМЫ КАК ПРЕДМЕТ
Наименование темы Газовые скважины
Тематический подзаголовок Исследования
-- Математические методы
Системный номер авторитетной/нормативной записи 1323573
Идентификатор авторитетной/нормативной записи RU\NLR\auth\66234440
686 ## - ИНДЕКСЫ ДРУГИХ КЛАССИФИКАЦИЙ
Индекс И362-116
686 ## - ИНДЕКСЫ ДРУГИХ КЛАССИФИКАЦИЙ
Индекс И362-1с11
701 #1 - ИМЯ ЛИЦА - АЛЬТЕРНАТИВНАЯ ОТВЕТСТВЕННОСТЬ
Код отношения Автор
Материалы, к которым относится поле rus
Графика поля Кириллица
Начальный элемент ввода Гасумов
Часть имени, кроме начального элемента ввода Р. А. оглы
Даты 1958-
Расширение инициалов личного имени Рамиз Алиджавад оглы
Идентификатор авторитетной/нормативной записи RU\NLR\auth\7725284
Системный номер авторитетной/нормативной записи 8333
701 #1 - ИМЯ ЛИЦА - АЛЬТЕРНАТИВНАЯ ОТВЕТСТВЕННОСТЬ
Начальный элемент ввода Ахмедов
Часть имени, кроме начального элемента ввода К. С.
Расширение инициалов личного имени Курбан Сапижуллаевич
Код отношения Автор
701 #1 - ИМЯ ЛИЦА - АЛЬТЕРНАТИВНАЯ ОТВЕТСТВЕННОСТЬ
Начальный элемент ввода Толпаев
Часть имени, кроме начального элемента ввода В. А.
Расширение инициалов личного имени Владимир Александрович
Код отношения Автор
701 #1 - ИМЯ ЛИЦА - АЛЬТЕРНАТИВНАЯ ОТВЕТСТВЕННОСТЬ
Код отношения Автор
Материалы, к которым относится поле rus
Графика поля Кириллица
Начальный элемент ввода Филиппов
Часть имени, кроме начального элемента ввода А. Г.
Дополнения к именам, кроме дат канд. техн. наук
Расширение инициалов личного имени Андрей Геннадьевич
Идентификатор авторитетной/нормативной записи RU\NLR\auth\77124392
Системный номер авторитетной/нормативной записи 107317
801 #0 - ИСТОЧНИК ЗАПИСИ
Страна Российская Федерация
Организация RuMoRKP
Дата составления 20121219
Правила каталогизации RCR
801 #2 - ИСТОЧНИК ЗАПИСИ
Страна Российская Федерация
Организация РГБ
Дата составления 20130114
Правила каталогизации rcr
801 #1 - ИСТОЧНИК ЗАПИСИ
Страна Российская Федерация
Организация RuMoRKP
Дата составления 20121219
Источник данных rusmarc
801 #2 - ИСТОЧНИК ЗАПИСИ
Страна Российская Федерация
Организация NLR
Дата составления 20130111
Правила каталогизации rcr
942 ## - ДОПОЛНИТЕЛЬНЫЕ ЭЛЕМЕНТЫ ЗАПИСИ (АБИС)
Тип экземпляра АБИС Книга
980 ## - КОЛЛЕКЦИЯ
Название коллекции НБР

Нет доступных экземпляров.